El mensaje vivo de puebla: una Iglesia evangelizadora para la comunión y la participación de todos

Guardat en:
Dades bibliogràfiques
Autor principal: McGrath, Marcos G. (autor)
Format: Llibre
Idioma:espanyol
Publicat: Bogotá Paulinas 1981
Matèries:
Etiquetes: Afegir etiqueta
Sense etiquetes, Sigues el primer a etiquetar aquest registre!

MARC

LEADER 00000nam a2200000 a 4500
001 UCL3645
003 CL-VaPUC
008 031205e19810000CK |||||||||||||||||spa|d
082 0 4 |a 253.7  |b MCG  |2 21 
100 |a McGrath, Marcos G.  |e autor  |9 481000 
245 1 3 |a El mensaje vivo de puebla: una Iglesia evangelizadora para la comunión y la participación de todos 
300 |a 90 p 
942 |c BK 
945 |d 20031205 00:00:00  |a vberengu 
260 |a Bogotá  |b Paulinas  |c 1981 
650 7 |a EVANGELIZACION  |2 CL-VaPUC  |9 481001 
650 0 |a Teología social  |9 326726 
651 0 |a América Latina   |9 255027 
583 |a last modification  |c 20031205 00:00:00  |k Rodrigo Vera 
999 |c 306661  |d 306659 
952 |0 0  |1 0  |4 0  |6 253_700000000000000_MCG_1981  |7 0  |8 A  |9 371837  |a BIBTEO  |b BIBTEO  |d 2019-11-21  |i 2096765  |o 253.7 MCG 1981  |p 2096765  |r 2025-01-17  |w 2019-11-21  |y BK  |k ICR